000 00844nam a2200253 i 4500
001 bg
245 0 0 _aPrzewodnik do ćwiczeń z fizjologii roślin /
_cpod red. Zofii Starck ; [aut. poszczeg. rozdz. Bożena Bielak et al.] ; Szkoła Główna Gospodarstwa Wiejskiego w Warszawie.
250 _aWyd. 3 popr. i uzup.
260 _aWarszawa :
_bWydaw. SGGW,
_c1998.
300 _a118 s. :
_brys., wykr. ;
_c24 cm.
504 _aBibliogr. przy rozdz.
650 9 _aRośliny
_xfizjologia
655 _aPodręczniki akademickie
700 1 _aSTARCK, Zofia.
_eRed.
700 1 _aBIELAK, Bożena.
710 0 _aSzkoła Główna Gospodarstwa Wiejskiego (Warszawa)
020 _a8300031316
040 _cBPK
041 0 _apl
080 _a581.1(075.8)
920 _a83-00-03131-6
942 _cKS
008 s pl f |000 0 pol
999 _c34459
_d34459
856 _uhttp://koha.tu.koszalin.pl/cgi-bin/koha/opac-detail.pl?biblionumber=34459
_yKatalog online BPK